Chemistry. (Record no. 464)
[ view plain ]
| 000 -LEADER | |
|---|---|
| fixed length control field | 01844nac a22002891u 4500 |
| 008 - FIXED-LENGTH DATA ELEMENTS--GENERAL INFORMATION | |
| fixed length control field | 180113b xxu||||| |||| 00| 0 eng d |
| 010 ## - | |
| -- | 2006000005 |
| 020 ## - INTERNATIONAL STANDARD BOOK NUMBER | |
| International Standard Book Number | 9780072980608 (hard copy : acid-free paper) |
| 020 ## - INTERNATIONAL STANDARD BOOK NUMBER | |
| International Standard Book Number | 0072980605 (hard copy : acid-free paper) |
| 020 ## - INTERNATIONAL STANDARD BOOK NUMBER | |
| International Standard Book Number | 0071105956 |
| 082 00 - DEWEY DECIMAL CLASSIFICATION NUMBER | |
| Classification number | 540 |
| Item number | C45625 |
| 100 ## - MAIN ENTRY--PERSONAL NAME | |
| Personal name | Chang, Raymond. |
| 9 (RLIN) | 31039 |
| 245 10 - TITLE STATEMENT | |
| Title | Chemistry. |
| 250 ## - EDITION STATEMENT | |
| Edition statement | 9th ed. / |
| Remainder of edition statement | Raymond Chang [and] Brandon Cruickshank. |
| 260 ## - | |
| -- | Dubuque, IA : |
| -- | McGraw-Hill Companies, |
| -- | c2007. |
| 300 ## - PHYSICAL DESCRIPTION | |
| Extent | p. cm. |
| 336 ## - CONTENT TYPE | |
| Source | rdacontent |
| Content type term | text |
| Content type code | txt |
| 337 ## - MEDIA TYPE | |
| Media type term | unmediated |
| Source | rdamedia |
| Media type code | n |
| 338 ## - CARRIER TYPE | |
| Carrier type term | volume |
| Carrier type code | nc |
| Source | rdacarrier |
| 500 ## - GENERAL NOTE | |
| General note | Includes index. |
| 505 0# - FORMATTED CONTENTS NOTE | |
| Formatted contents note | Chemistry: the study of change -- Atoms, molecules, and ions -- Mass relationships in chemical reactions -- Reactions in aqueous solution -- Gases -- Thermochemistry -- Quantum theory and the electronic structure of atoms -- Periodic relationship among the elements -- Chemical bonding I: basic concepts -- Chemical bonding II: molecular geometry and hybridization of atomic -- Orbitals -- Intermolecular forces and liquids and solids -- Physical properties of solutions -- Chemical kinetics -- Chemical equilibrium -- Acids and bases -- Acid-base equilibria and solubility equilibria -- Chemistry in the atmosphere -- Entropy, free energy, and equilibrimn -- Electrochemistry -- Metallurgy and the chemistry of metals -- Nonmetallic elements and their compounds -- Transition metal chemistry and coordination compounds -- Nuclear chemistry -- Organic chemistry -- Synthetic and natural organic polymers. |
| 650 #0 - SUBJECT ADDED ENTRY--TOPICAL TERM | |
| Topical term or geographic name as entry element | Chemistry. |
| Source of heading or term | BUEsh |
| 651 ## - SUBJECT ADDED ENTRY--GEOGRAPHIC NAME | |
| Source of heading or term | BUEsh |
| 700 1# - ADDED ENTRY--PERSONAL NAME | |
| Personal name | Cruickshank, Brandon. |
| 856 41 - ELECTRONIC LOCATION AND ACCESS | |
| Materials specified | Table of contents |
| Uniform Resource Identifier | <a href="http://www.loc.gov/catdir/toc/ecip066/2006000005.html">http://www.loc.gov/catdir/toc/ecip066/2006000005.html</a> |
| 942 ## - ADDED ENTRY ELEMENTS (KOHA) | |
| Koha item type | Book - Borrowing |
| Call number prefix | 540C45625 |
| Source of classification or shelving scheme | Dewey Decimal Classification |
| Classification part | RDA-MOD |
| Withdrawn status | Lost status | Source of classification or shelving scheme | Damaged status | Not for loan | Home library | Current library | Shelving location | Date acquired | Source of acquisition | Total Checkouts | Total Renewals | Full call number | Barcode | Date last seen | Date checked out | Koha item type |
|---|---|---|---|---|---|---|---|---|---|---|---|---|---|---|---|---|
| Dewey Decimal Classification | Central Library | Central Library | First floor | 31/05/2006 | Purchase | 2 | 6 | 540 CHA | 000004160 | 15/07/2025 | 12/10/2019 | Book - Borrowing |